| 000 | 01079nam0a22003011 4500 | ||
|---|---|---|---|
| 001 | RU\NLR\INFOCOMM_116\5000048849 | ||
| 005 | 20260406120731.0 | ||
| 035 | _a(NLR Aleph) 009038658 | ||
| 090 |
_a9533709 _c9533709 |
||
| 100 | _a20080624d1962 |||y0rusy50 ca | ||
| 101 | 0 | _aeng | |
| 102 | _aRU | ||
| 105 | _ay z 000zy | ||
| 200 | 1 |
_aAfrican studies in the USSR _elist of annotations on major works publ. in 1952th first half of 1962 _f[comp.: S. Yu. Abramova] _gUSSR Acad. of sciences. Inst. of Africa |
|
| 210 |
_aМ. _d1962 |
||
| 215 |
_a187 с. _d21 см |
||
| 300 | _aСост. указан на обороте тит. л. | ||
| 309 | _aОтпеч. множит. аппаратом | ||
| 607 |
_aАфрика Восточная _2nlr_sh1 |
||
| 700 | 1 |
_9z01790 _aAbramova _bS. J. _gSvetlana Jur'evna _4070 |
|
| 712 | 0 | 2 |
_4000 _8eng _aAfrica institute _cMoscow _7ba _3RU\NLR\AUTH\8813202 _9299433 |
| 790 | 1 |
_9z01700 _aAbramova _bS. Yu. _4070 |
|
| 801 | 1 |
_aRU _bNLR _c20080624 |
|
| 801 | 0 |
_aRU _bNLR _gPSBO |
|
| 852 |
_aNLR _jИ87 Г-3/70 |
||
| 942 | _cBOOK | ||
| 980 | _aNB | ||